[Event "GRE-chT 50th"]
[Site "Nikaia"]
[Date "2023.08.30"]
[Round "7.6"]
[White "Karavitaki, Antonia"]
[Black "Dimaki, Evangelia"]
[Result "1/2-1/2"]
[WhiteElo "1570"]
[BlackElo "1325"]
[PlyCount "104"]
[EventDate "2023.08.25"]
[EventType "team"]
[EventRounds "9"]
[EventCountry "GRE"]
[SourceTitle "EXT 2024"]
[Source "ChessBase"]
[SourceDate "2023.10.10"]
[SourceVersion "1"]
[SourceVersionDate "2023.10.10"]
[SourceQuality "1"]
[WhiteTeam "Khanion"]
[BlackTeam "Pneemathlon"]
[WhiteTeamCountry "GRE"]
[BlackTeamCountry "GRE"]

1. d4 d5 2. c4 e6 3. Nc3 Nf6 4. cxd5 exd5 5. Bg5 Be7 6. e3 c6 7. Bd3 h6 8. Bh4 0-0 9. Qc2 Be6 10. Nge2 Nbd7 11. 0-0 Rc8 12. Rad1 Nh5 13. Bxe7 Qxe7 14. f3 Nb6 15. b3 c5 16. dxc5 Rxc5 17. Qd2 Rfc8 18. Rc1 a6 19. Bb1 Nf6 20. Rfd1 Qc7 21. Qd4 Kh8 22. Qd3 Kg8 23. b4 Rc4 24. a3 Qe7 25. Nf4 R4c7 26. Ba2 Rd8 27. Nce2 Rxc1 28. Rxc1 Nc4 29. Nxe6 fxe6 30. Bxc4 dxc4 31. Qxc4 Rd7 32. Nd4 Kf7 33. Qc3 Nd5 34. Qd3 Qg5 35. f4 Qf6 36. Nf3 Kg8 37. Ne5 Rd8 38. Qe4 Ne7 39. Qxb7 Nf5 40. Qe4 Kh8 41. Qb7 Kh7 42. Nc4 Rd3 43. Qxa6 Nxe3 44. Nxe3 Rxe3 45. a4 Qd4 46. Kh1 Qxb4 47. Rf1 Re1 48. Qd3+ Kh8 49. Qd8+ Kh7 50. Qd3+ Kh8 51. Qd8+ Kh7 52. Qd3+ Kh8 1/2-1/2

[Event "GRE-chT 50th"]
[Site "Nikaia"]
[Date "2023.08.27"]
[Round "4.7"]
[White "Sklavounou, Kalliopi"]
[Black "Karavitaki, Antonia"]
[Result "1-0"]
[WhiteElo "1369"]
[BlackElo "1570"]
[PlyCount "67"]
[EventDate "2023.08.25"]
[EventType "team"]
[EventRounds "9"]
[EventCountry "GRE"]
[SourceTitle "EXT 2024"]
[Source "ChessBase"]
[SourceDate "2023.10.10"]
[SourceVersion "1"]
[SourceVersionDate "2023.10.10"]
[SourceQuality "1"]
[WhiteTeam "Kerkeras"]
[BlackTeam "Khanion"]
[WhiteTeamCountry "GRE"]
[BlackTeamCountry "GRE"]

1. Nf3 Nf6 2. g3 g6 3. Bg2 Bg7 4. c4 c5 5. 0-0 0-0 6. d4 cxd4 7. Nxd4 Nc6 8. Nc3 Qa5 9. Nb3 Qh5 10. e4 d6 11. Qxh5 Nxh5 12. Nd5 Rb8 13. Rb1 b6 14. Be3 Bb7 15. Rfd1 Rfe8 16. f4 Nf6 17. Bf3 Nd7 18. Nd4 Nxd4 19. Bxd4 Nc5 20. Bxg7 Kxg7 21. b4 Ne6 22. Rbc1 Rbc8 23. Kf2 h5 24. Rd2 h4 25. Bg4 Rc6 26. gxh4 Nc7 27. Bd7 Nxd5 28. exd5 Rcc8 29. Bxe8 Rxe8 30. c5 bxc5 31. bxc5 dxc5 32. Rxc5 Rd8 33. Rc7 Bxd5 34. Rxe7 1-0

[Event "GRE-ch U16 Girls"]
[Site "Peristeri"]
[Date "2023.07.07"]
[Round "7"]
[White "Kalamoukou, Giolanta"]
[Black "Karavitaki, Antonia"]
[Result "1-0"]
[WhiteElo "1591"]
[BlackElo "1494"]
[PlyCount "111"]
[EventDate "2023.07.03"]
[EventType "swiss"]
[EventRounds "9"]
[EventCountry "GRE"]
[SourceTitle "EXT 2024"]
[Source "ChessBase"]
[SourceDate "2023.10.10"]
[SourceVersion "1"]
[SourceVersionDate "2023.10.10"]
[SourceQuality "1"]

1. d4 Nf6 2. c4 g6 3. Nc3 Bg7 4. e4 d6 5. h3 0-0 6. Be3 c5 7. d5 e6 8. Nf3 exd5 9. exd5 Re8 10. Be2 Bf5 11. 0-0 Ne4 12. Nxe4 Bxe4 13. Bd3 Bxd3 14. Qxd3 Nd7 15. Qc2 a6 16. Rab1 Nf6 17. Nd2 b5 18. b3 b4 19. Qd3 a5 20. a4 bxa3 21. Ra1 Nd7 22. Rxa3 Nb8 23. Ne4 Qe7 24. Nc3 Na6 25. Nb5 Nb4 26. Qd2 Ra6 27. Bf4 Qd7 28. Rd1 Re4 29. Bg3 Qe7 30. Kf1 Qf6 31. Ra4 Qd8 32. Re1 Rxe1+ 33. Qxe1 Nd3 34. Qd2 Ne5 35. Bf4 Bf6 36. Nc3 Qb6 37. Nb5 Qd8 38. Qa2 Nd3 39. Bd2 Nb4 40. Bxb4 cxb4 41. Rxb4 Qb6 42. Ra4 Be7 43. b4 Bd8 44. Rxa5 Rxa5 45. Qxa5 Qb8 46. Qa6 Be7 47. Qa7 Qxa7 48. Nxa7 Kf8 49. Nc8 Bd8 50. Nxd6 Be7 51. c5 Bxd6 52. cxd6 Ke8 53. Ke2 Kd7 54. Kd3 Kxd6 55. Kc4 f5 56. b5 1-0

[Event "GRE-ch U16 Girls"]
[Site "Peristeri"]
[Date "2023.07.05"]
[Round "4"]
[White "Kavakopoulou, Ioulia Anastasia"]
[Black "Karavitaki, Antonia"]
[Result "0-1"]
[WhiteElo "1448"]
[BlackElo "1494"]
[PlyCount "212"]
[EventDate "2023.07.03"]
[EventType "swiss"]
[EventRounds "9"]
[EventCountry "GRE"]
[SourceTitle "EXT 2024"]
[Source "ChessBase"]
[SourceDate "2023.10.10"]
[SourceVersion "1"]
[SourceVersionDate "2023.10.10"]
[SourceQuality "1"]

1. d4 Nf6 2. Nf3 g6 3. Bg5 Bg7 4. Nbd2 0-0 5. c3 d5 6. e3 Nbd7 7. Bd3 Re8 8. 0-0 e5 9. dxe5 Nxe5 10. Nxe5 Rxe5 11. Bf4 Re8 12. h3 c5 13. Nf3 a6 14. a4 b6 15. Be5 Bb7 16. Be2 Qd7 17. Qb3 Qc6 18. Bxf6 Qxf6 19. Rfd1 Rad8 20. Qc2 Qe7 21. Re1 Rc8 22. Rad1 Qc7 23. Rc1 Qc6 24. Nd2 Re7 25. Bf3 Qc7 26. Nb3 Rd8 27. Red1 Qb8 28. Rd2 Red7 29. Rcd1 Qc7 30. e4 dxe4 31. Bxe4 Bh6 32. Rxd7 Rxd7 33. Bxb7 Qxb7 34. a5 c4 35. Nd2 b5 36. Nf3 Qc7 37. Rxd7 Qxd7 38. Qe4 Qd8 39. Nd4 Qxa5 40. Qe8+ Bf8 41. Qe2 Qc7 42. g3 Qc5 43. Qd2 a5 44. Kf1 b4 45. cxb4 axb4 46. Ne2 Qa5 47. Qe3 Qa2 48. Qd4 Qa6 49. Qd2 Qc8 50. Kg2 Qc6+ 51. Kg1 Qf3 52. Kf1 Bc5 53. Ng1 Qf6 54. Qc2 c3 55. bxc3 bxc3 56. h4 Qa6+ 57. Ne2 Bb4 58. Kg2 Qa1 59. Qe4 Qb2 60. Qe8+ Bf8 61. Qe5 Qb7+ 62. Kh2 c2 63. Qc3 Qb1 64. f4 Qd1 65. Qe3 Qxe2+ 66. Qxe2 c1Q 67. Kg2 Qc3 68. Kh2 Bc5 69. Qg2 Qe3 70. Qh1 Bd6 71. Qf1 h5 72. Kg2 Qe4+ 73. Kh2 Qf5 74. Kh1 Bc5 75. Kh2 Kg7 76. Qc4 Be7 77. Qf1 Qc2+ 78. Kh3 Qf5+ 79. Kh2 Qg4 80. Qf2 Qf5 81. Qf1 g5 82. hxg5 Bxg5 83. Qf2 Bf6 84. Kg2 Qg4 85. Kh2 h4 86. gxh4 Bxh4 87. Qd4+ Kg6 88. Qe4+ Qf5 89. Qg2+ Kh6 90. Qf3 Qh5 91. Qc6+ f6 92. Qe4 Bf2+ 93. Kg2 Qh4 94. Qf3 Be1 95. Qe3 Bb4 96. Qe4 Bd6 97. Qf3 Bxf4 98. Kf1 Qg3 99. Qh1+ Qh2 100. Qf3 f5 101. Qd3 Qh1+ 102. Kf2 Qh2+ 103. Kf1 Kg5 104. Qd8+ Kg4 105. Qg8+ Bg5 106. Qc8 Qh1+ 0-1

[Event "GRE-ch U18 Girls"]
[Site "Larisa"]
[Date "2023.01.03"]
[Round "2"]
[White "Karavitaki, Antonia"]
[Black "Platsaki, Evgenia Valeria"]
[Result "1-0"]
[WhiteElo "1461"]
[BlackElo "1632"]
[PlyCount "93"]
[EventDate "2023.01.02"]
[EventType "swiss"]
[EventRounds "9"]
[EventCountry "GRE"]
[SourceTitle "CBM 212 Extra"]
[Source "ChessBase"]
[SourceDate "2023.03.31"]
[SourceVersion "1"]
[SourceVersionDate "2023.03.31"]
[SourceQuality "1"]

1. d4 Nf6 2. c4 e6 3. Nc3 Bb4 4. e3 0-0 5. Bd3 d5 6. Nf3 c5 7. 0-0 cxd4 8. exd4 dxc4 9. Bxc4 Nc6 10. Re1 a6 11. a3 Bxc3 12. bxc3 b5 13. Bd3 Bb7 14. Bc2 Rc8 15. Bg5 h6 16. Bh4 Qe7 17. Ne5 Rfd8 18. Ng4 Rd5 19. Nxf6+ gxf6 20. Qd3 Kf8 21. Qh7 Ke8 22. Qxh6 Qf8 23. Qxf6 Qe7 24. Qf4 Qd6 25. Qg4 Ne7 26. Re3 Kd7 27. Bg3 Qc6 28. Be4 f5 29. Bxd5 Nxd5 30. Qg7+ Ne7 31. f3 Rg8 32. Qf7 Qc4 33. Rae1 Bd5 34. Re5 Re8 35. Bh4 Kd8 36. Qg7 a5 37. R5e3 f4 38. Re5 b4 39. axb4 axb4 40. cxb4 Qxd4+ 41. Kh1 Qc4 42. Rd1 Qb3 43. Rdxd5+ exd5 44. Rxe7 Rxe7 45. Qxe7+ Kc8 46. Qe8+ Kc7 47. Bd8+ 1-0

[Event "GRE-chT U16 14th"]
[Site "Rio Achaia"]
[Date "2022.12.16"]
[Round "3"]
[White "Karavitaki, Antonia"]
[Black "Tzempelikou, Agapi"]
[Result "1/2-1/2"]
[WhiteElo "1479"]
[BlackElo "1505"]
[PlyCount "78"]
[EventDate "2022.12.15"]
[EventType "team-swiss"]
[EventRounds "6"]
[EventCountry "GRE"]
[SourceTitle "EXT 2024"]
[Source "ChessBase"]
[SourceDate "2023.10.10"]
[SourceVersion "1"]
[SourceVersionDate "2023.10.10"]
[SourceQuality "1"]

1. d4 d5 2. c4 e6 3. Nc3 Nf6 4. cxd5 exd5 5. Bg5 Be7 6. e3 c6 7. Bd3 h6 8. Bh4 Nbd7 9. Nge2 0-0 10. Qc2 Ne8 11. Bxe7 Qxe7 12. 0-0 Nd6 13. Nf4 Nf6 14. Rae1 Nfe4 15. f3 Nxc3 16. bxc3 Qg5 17. Qc1 Bf5 18. e4 Bh7 19. exd5 Bxd3 20. Nxd3 Qxd5 21. Nb4 Qf5 22. Re5 Qf6 23. Rfe1 Rfe8 24. Qe3 Qd8 25. Nd3 Rxe5 26. Qxe5 Kf8 27. Nc5 b6 28. Nb3 Qd7 29. Qf4 Re8 30. Rxe8+ Nxe8 31. Qe5 Qe7 32. Qxe7+ Kxe7 33. Kf2 Ke6 34. Ke3 Kd5 35. Nd2 Nd6 36. Kd3 b5 37. Nb3 Nb7 38. Nd2 Nd6 39. Nb3 Nb7 1/2-1/2

[Event "GRE-ch U20 Girls"]
[Site "Trikala"]
[Date "2022.08.26"]
[Round "3"]
[White "Karavitaki, Antonia"]
[Black "Sklavounou, Kalliopi"]
[Result "1-0"]
[WhiteElo "1456"]
[BlackElo "1351"]
[PlyCount "139"]
[EventDate "2022.08.25"]
[EventType "swiss"]
[EventRounds "9"]
[EventCountry "GRE"]
[SourceTitle "CBM 210 Extra"]
[Source "ChessBase"]
[SourceDate "2022.11.30"]
[SourceVersion "1"]
[SourceVersionDate "2022.11.30"]
[SourceQuality "1"]

1. d4 Nf6 2. c4 e6 3. Nc3 Bb4 4. e3 0-0 5. Bd2 b6 6. Nf3 Bb7 7. Bd3 c5 8. a3 Bxc3 9. Bxc3 cxd4 10. exd4 d5 11. 0-0 dxc4 12. Bxc4 Nd5 13. Rc1 Nd7 14. Re1 Rc8 15. Ba2 Qf6 16. Ne5 Rfd8 17. Nc4 Nc5 18. Qc2 Na6 19. Ne5 Nac7 20. Bb1 g6 21. Qd2 Nf4 22. f3 h5 23. Qf2 Ncd5 24. Be4 g5 25. Bd2 Ba6 26. Kh1 Qg7 27. g3 Nh3 28. Qg2 g4 29. f4 f5 30. Bb1 Qb7 31. b4 Ne7 32. Be3 Qxg2+ 33. Kxg2 Bb7+ 34. Kf1 Nd5 35. Ke2 Nc3+ 36. Kd2 Nb5 37. Ba2 Nc7 38. Ke2 Ba6+ 39. Kd2 Nd5 40. Nc6 Rd7 41. Ne5 Rdc7 42. Rc2 Rc6 43. Rxc6 Rc7 44. Rc3 Rxc3 45. Bxd5 Rxa3 46. Rc1 exd5 47. Rc7 Ra2+ 48. Rc2 Rxc2+ 49. Kxc2 Bb7 50. b5 a6 51. bxa6 Bxa6 52. Nd7 Kf7 53. Nxb6 Bb7 54. Kb3 Ke7 55. Kb4 Kd6 56. Ka5 Kc6 57. Na4 Ba8 58. Nc5 Kd6 59. Kb6 Bc6 60. Nb7+ Kd7 61. Na5 Ba8 62. Nb7 Ke7 63. Na5 Kd7 64. Ka7 Bc6 65. Nxc6 Kxc6 66. Ka6 Kc7 67. Kb5 Kd7 68. Kc5 Ke6 69. Kc6 Nxf4 70. Bxf4 1-0

[Event "GRE-ch U16 Girls"]
[Site "Thessaloniki"]
[Date "2022.08.24"]
[Round "9"]
[White "Karavitaki, Antonia"]
[Black "Kratimenou, Maria"]
[Result "1-0"]
[WhiteElo "1456"]
[BlackElo "1417"]
[PlyCount "89"]
[EventDate "2022.08.18"]
[EventType "swiss"]
[EventRounds "9"]
[EventCountry "GRE"]
[SourceTitle "EXT 2024"]
[Source "ChessBase"]
[SourceDate "2023.10.10"]
[SourceVersion "1"]
[SourceVersionDate "2023.10.10"]
[SourceQuality "1"]

1. d4 d5 2. c4 e6 3. Nc3 a6 4. cxd5 exd5 5. Bf4 Nf6 6. e3 c6 7. Bd3 Bd6 8. Bg5 Be7 9. Nge2 h6 10. Bh4 Nbd7 11. Qc2 0-0 12. 0-0 Re8 13. f3 Qb6 14. Rad1 Nf8 15. Bf2 Qc7 16. e4 dxe4 17. fxe4 Ne6 18. e5 Ng4 19. Bf5 Nxf2 20. Rxf2 Nf8 21. Ng3 Bg5 22. Rf3 Bxf5 23. Nxf5 Qb6 24. Nd6 Re7 25. Qf5 f6 26. Nce4 Rxe5 27. Qg4 Rd5 28. Nxg5 Rxd6 29. Ne4 Re6 30. Nxf6+ Kh8 31. Nh5 g6 32. Nf4 Rf6 33. Qh3 g5 34. Nh5 Rxf3 35. Qxf3 Qc7 36. Qf6+ Kh7 37. Re1 Ng6 38. Qf5 Rf8 39. Nf6+ Kg7 40. Ne8+ Rxe8 41. Rxe8 Qd6 42. Qe4 Qb4 43. Re6 Nf4 44. Qe5+ Kh7 45. Qc7+ 1-0

[Event "GRE-ch U16 Girls"]
[Site "Thessaloniki"]
[Date "2022.08.22"]
[Round "7"]
[White "Kaliontzaki, Argyro Evanthia"]
[Black "Karavitaki, Antonia"]
[Result "1/2-1/2"]
[WhiteElo "1395"]
[BlackElo "1456"]
[PlyCount "75"]
[EventDate "2022.08.18"]
[EventType "swiss"]
[EventRounds "9"]
[EventCountry "GRE"]
[SourceTitle "EXT 2024"]
[Source "ChessBase"]
[SourceDate "2023.10.10"]
[SourceVersion "1"]
[SourceVersionDate "2023.10.10"]
[SourceQuality "1"]

1. e4 c5 2. Nf3 g6 3. d4 cxd4 4. Nxd4 Bg7 5. c4 Nc6 6. Be3 Qb6 7. Nb3 Qd8 8. Qd2 Nf6 9. Nc3 d6 10. Be2 0-0 11. 0-0 Be6 12. f3 Nd7 13. Rac1 a5 14. Nd5 a4 15. Nd4 Nxd4 16. Bxd4 Bxd4+ 17. Qxd4 Bxd5 18. cxd5 Qa5 19. Rc3 Rfc8 20. Rfc1 Rc5 21. Rxc5 dxc5 22. Qc3 Qc7 23. Bb5 b6 24. a3 Ra5 25. Bxd7 Qxd7 26. Qc4 Qd6 27. g3 Qf6 28. Qc3 Qd6 29. Kf2 Rb5 30. Qd2 Qe5 31. Rc3 Qh5 32. Ke3 Qe5 33. f4 Qc7 34. Qc2 Qa7 35. Rc4 Rb3+ 36. Rc3 Rb5 37. Rc4 Rb3+ 38. Rc3 1/2-1/2

[Event "GRE-ch U16 Girls"]
[Site "Thessaloniki"]
[Date "2022.08.19"]
[Round "3"]
[White "Karavitaki, Antonia"]
[Black "Mplitsa, Artemis"]
[Result "1-0"]
[WhiteElo "1456"]
[BlackElo "1369"]
[PlyCount "37"]
[EventDate "2022.08.18"]
[EventType "swiss"]
[EventRounds "9"]
[EventCountry "GRE"]
[SourceTitle "EXT 2024"]
[Source "ChessBase"]
[SourceDate "2023.10.10"]
[SourceVersion "1"]
[SourceVersionDate "2023.10.10"]
[SourceQuality "1"]

1. d4 Nf6 2. c4 e6 3. Nc3 Bb4 4. e3 0-0 5. Bd2 b6 6. Nf3 Bb7 7. Bd3 c5 8. 0-0 cxd4 9. exd4 d5 10. cxd5 Bxc3 11. bxc3 Nxd5 12. Qe2 Nd7 13. Rfe1 Qc7 14. Ng5 N7f6 15. Ne4 Nxe4 16. Qxe4 Nf6 17. Qh4 Qe7 18. Bxh7+ Kh8 19. Bg5 1-0

[Event "Chania Theodorakis Memorial 1st"]
[Site "Chania"]
[Date "2022.04.25"]
[Round "1"]
[White "Karavitaki, Antonia"]
[Black "Larkin, Vladislav"]
[Result "0-1"]
[WhiteElo "1434"]
[BlackElo "2424"]
[PlyCount "60"]
[EventDate "2022.04.25"]
[EventType "swiss"]
[EventRounds "9"]
[EventCountry "GRE"]
[SourceTitle "CBM 208 Extra"]
[Source "ChessBase"]
[SourceDate "2022.07.31"]
[SourceVersion "1"]
[SourceVersionDate "2022.07.31"]
[SourceQuality "1"]

1. d4 Nc6 2. c4 e5 3. dxe5 Nxe5 4. e3 Nf6 5. Nf3 Bb4+ 6. Nbd2 Nxf3+ 7. Qxf3 Qe7 8. Bd3 d6 9. 0-0 Nd7 10. Qg3 0-0 11. a3 Bxd2 12. Bxd2 Ne5 13. Bc3 f5 14. Be2 b6 15. h4 Bb7 16. h5 h6 17. Rfd1 Rae8 18. Rac1 Qg5 19. Qxg5 hxg5 20. Bd4 f4 21. exf4 gxf4 22. b4 f3 23. gxf3 Nxf3+ 24. Kf1 Rf4 25. Be3 Rh4 26. Rd3 Rh1+ 27. Kg2 Nh4+ 28. Kg3 Nf5+ 29. Kf4 Rxc1 30. Bxc1 Rxe2 0-1

[Event "GRE-chT2 48th"]
[Site "Thessaloniki"]
[Date "2021.10.10"]
[Round "7.3"]
[White "Karavitaki, Antonia"]
[Black "Tzovani, Dimitra"]
[Result "1-0"]
[WhiteElo "1430"]
[BlackElo "1217"]
[PlyCount "25"]
[EventDate "2021.10.05"]
[EventType "team-swiss"]
[EventRounds "7"]
[EventCountry "GRE"]
[SourceTitle "CBM 204 Extra"]
[Source "ChessBase"]
[SourceDate "2021.11.30"]
[SourceVersion "1"]
[SourceVersionDate "2021.11.30"]
[SourceQuality "1"]
[WhiteTeam "Chania SA"]
[BlackTeam "Kalamarias ES"]
[WhiteTeamCountry "GRE"]
[BlackTeamCountry "GRE"]

1. d4 d5 2. c4 e6 3. Nc3 Nf6 4. cxd5 exd5 5. Bg5 Be7 6. e3 c6 7. Bd3 0-0 8. Qc2 h6 9. Bh4 Nh5 10. Bxe7 Qxe7 11. Nge2 f5 12. 0-0 Qg5 13. Rae1 1-0

[Event "GRE-chT2 48th"]
[Site "Thessaloniki"]
[Date "2021.10.09"]
[Round "6.2"]
[White "Terzidi, Natalia"]
[Black "Karavitaki, Antonia"]
[Result "0-1"]
[WhiteElo "1139"]
[BlackElo "1430"]
[PlyCount "132"]
[EventDate "2021.10.05"]
[EventType "team-swiss"]
[EventRounds "7"]
[EventCountry "GRE"]
[SourceTitle "CBM 204 Extra"]
[Source "ChessBase"]
[SourceDate "2021.11.30"]
[SourceVersion "1"]
[SourceVersionDate "2021.11.30"]
[SourceQuality "1"]
[WhiteTeam "Thessaloniki ES"]
[BlackTeam "Chania SA"]
[WhiteTeamCountry "GRE"]
[BlackTeamCountry "GRE"]

1. e4 c5 2. Nf3 g6 3. c3 d5 4. exd5 Qxd5 5. d4 Bg7 6. Be3 cxd4 7. cxd4 Nc6 8. Nc3 Qd8 9. Bc4 Nf6 10. 0-0 0-0 11. h3 b6 12. a3 Bb7 13. Qe2 e6 14. Rad1 Ne7 15. Bg5 a6 16. Rfe1 Ned5 17. Nxd5 exd5 18. Bd3 Re8 19. Qd2 Qd6 20. Bf4 Qf8 21. Qc2 Rac8 22. Qb3 Nd7 23. Rxe8 Rxe8 24. Rc1 Rc8 25. Re1 Bh6 26. Bxh6 Qxh6 27. Re7 Rc1+ 28. Bf1 Bc6 29. Re1 Rxe1 30. Nxe1 Qc1 31. Qc3 Qxc3 32. bxc3 b5 33. Nd3 Kf8 34. f3 Ke7 35. Kf2 Kd6 36. Ke3 Nb6 37. Nb2 f6 38. Be2 Bd7 39. Bd3 Bc6 40. Kf4 Bd7 41. h4 Nc8 42. Bc2 a5 43. g4 Ne7 44. Bd1 Nc6 45. Be2 b4 46. axb4 axb4 47. cxb4 Nxb4 48. Bd1 Bb5 49. Ke3 Bc6 50. Nd3 Nxd3 51. Kxd3 Bb5+ 52. Ke3 Bf1 53. h5 gxh5 54. gxh5 h6 55. Kf4 Bh3 56. Bc2 Ke6 57. Bd3 Ke7 58. Kg3 Bd7 59. f4 Kd6 60. Kf2 Bg4 61. Be2 Bxe2 62. Kxe2 Kc6 63. Ke3 Kb5 64. Kd3 Kb4 65. Kd2 Kc4 66. Ke3 f5 0-1

[Event "GRE-ch U18 Girls"]
[Site "Chania"]
[Date "2021.07.21"]
[Round "9"]
[White "Karavitaki, Antonia"]
[Black "Alexandri, Vasiliki"]
[Result "1/2-1/2"]
[WhiteElo "1436"]
[BlackElo "1339"]
[PlyCount "82"]
[EventDate "2021.07.15"]
[EventType "swiss"]
[EventRounds "9"]
[EventCountry "GRE"]
[SourceTitle "EXT 2022"]
[Source "ChessBase"]
[SourceDate "2021.10.06"]
[SourceVersion "1"]
[SourceVersionDate "2021.10.06"]
[SourceQuality "1"]

1. d4 Nf6 2. c4 g6 3. f3 Bg7 4. e4 d6 5. Nc3 0-0 6. Be3 Nfd7 7. Nge2 c5 8. d5 a6 9. Qd2 h5 10. Bh6 Ne5 11. Nc1 b5 12. Bxg7 Kxg7 13. cxb5 axb5 14. Bxb5 Ba6 15. Nd3 Bxb5 16. Nxb5 Qa5 17. Nxe5 Qxb5 18. Nd3 Nd7 19. 0-0 c4 20. Qc3+ Kg8 21. Nb4 Rfb8 22. a3 Nc5 23. Rac1 Nb3 24. Rc2 Qc5+ 25. Kh1 Nd4 26. Rd2 Nb5 27. Qc1 Nd4 28. Rdf2 Nb3 29. Qc3 f6 30. f4 Nd4 31. Qg3 Kh7 32. Qh3 c3 33. bxc3 Rxa3 34. cxd4 Qxb4 35. Qe6 Qxd4 36. Qxe7+ Kh6 37. h3 Ra1 38. Rxa1 Qxa1+ 39. Kh2 Rb1 40. Qf8+ Kh7 41. Qf7+ Kh6 1/2-1/2

[Event "EU-ch Online U14 Girls"]
[Site "Tornelo INT"]
[Date "2020.09.19"]
[Round "6"]
[White "Rozmanec, Pia"]
[Black "Karavitaki, Antonia"]
[Result "1/2-1/2"]
[WhiteElo "1565"]
[BlackElo "1400"]
[PlyCount "38"]
[EventDate "2020.09.18"]
[EventType "swiss (rapid)"]
[EventRounds "9"]
[EventCountry "NET"]
[SourceTitle "EXT 2023"]
[Source "ChessBase"]
[SourceDate "2022.10.05"]
[SourceVersion "1"]
[SourceVersionDate "2022.10.05"]
[SourceQuality "1"]
[WhiteTeam "Slovenia"]
[BlackTeam "Greece"]
[WhiteTeamCountry "SLO"]
[BlackTeamCountry "GRE"]

1. e4 c5 2. Nf3 g6 3. d4 cxd4 4. Nxd4 Bg7 5. Be3 Nc6 6. Nc3 Nf6 7. f3 0-0 8. Qd2 d5 9. exd5 Nxd5 10. Nxd5 Qxd5 11. c4 Qe5 12. Nxc6 bxc6 13. 0-0-0 c5 14. Bf4 Qd4 15. Be3 Qe5 16. Bf4 Qd4 17. Be3 Qe5 18. Bf4 Qd4 19. Be3 Qe5 1/2-1/2

[Event "EU-ch Online U14 Girls"]
[Site "Tornelo INT"]
[Date "2020.09.18"]
[Round "2"]
[White "Gasparyan, Milena"]
[Black "Karavitaki, Antonia"]
[Result "1-0"]
[WhiteElo "1661"]
[BlackElo "1400"]
[PlyCount "143"]
[EventDate "2020.09.18"]
[EventType "swiss (rapid)"]
[EventRounds "9"]
[EventCountry "NET"]
[SourceTitle "EXT 2023"]
[Source "ChessBase"]
[SourceDate "2022.10.05"]
[SourceVersion "1"]
[SourceVersionDate "2022.10.05"]
[SourceQuality "1"]
[WhiteTeam "Armenia"]
[BlackTeam "Greece"]
[WhiteTeamCountry "ARM"]
[BlackTeamCountry "GRE"]

1. d4 Nf6 2. c4 c5 3. d5 b5 4. cxb5 a6 5. bxa6 g6 6. Nc3 Bg7 7. e4 0-0 8. Nf3 Qa5 9. Qd2 d6 10. Be2 Bxa6 11. 0-0 Nbd7 12. Bxa6 Qxa6 13. h3 Rfb8 14. Qc2 Nb6 15. Nd2 e6 16. dxe6 fxe6 17. e5 dxe5 18. Nde4 c4 19. Be3 Nfd5 20. Nc5 Qc8 21. N3e4 Nxe3 22. fxe3 Nd5 23. Rf3 Ra5 24. Qxc4 Rxb2 25. a3 Rbb5 26. Rc1 Bf8 27. Rxf8+ Kxf8 28. Nd6 Qxc5 29. Qf1+ Ke7 30. Rxc5 Rxc5 31. Nb7 Nxe3 32. Qe1 Nc2 33. Qh4+ Ke8 34. Qd8+ Kf7 35. Nd6+ Kg7 36. Qe7+ Kh6 37. Nf7+ Kg7 38. Nxe5+ Kh6 39. Qh4+ Kg7 40. Qe7+ Kh6 41. Ng4+ Kh5 42. Nf6+ Kh6 43. Qxh7+ Kg5 44. Ne4+ Kf5 45. Nxc5 Rxc5 46. Qf7+ Ke5 47. Qxg6 Nxa3 48. Qg3+ Kd4 49. Qxa3 e5 50. g4 Rc8 51. Qa7+ Kc3 52. Qe3+ Kb2 53. Qxe5+ Ka3 54. h4 Rc4 55. Qd6+ Kb3 56. Qe6 Kb4 57. Qxc4+ Kxc4 58. Kg2 Kd5 59. Kg3 Ke6 60. h5 Kf6 61. Kh4 Kg7 62. g5 Kh7 63. g6+ Kh8 64. Kg5 Kg8 65. h6 Kh8 66. Kf6 Kg8 67. g7 Kh7 68. Kf7 Kxh6 69. g8Q Kh5 70. Kf6 Kh4 71. Kf5 Kh5 72. Qg5# 1-0

[Event "GRE-ch South U14 Girls"]
[Site "Athens"]
[Date "2020.09.02"]
[Round "6"]
[White "Kratimenou, Maria"]
[Black "Karavitaki, Antonia"]
[Result "0-1"]
[WhiteElo "1406"]
[BlackElo "1475"]
[PlyCount "58"]
[EventDate "2020.08.28"]
[EventType "swiss"]
[EventRounds "7"]
[EventCountry "GRE"]
[SourceTitle "EXT 2023"]
[Source "ChessBase"]
[SourceDate "2022.10.05"]
[SourceVersion "1"]
[SourceVersionDate "2022.10.05"]
[SourceQuality "1"]

1. e4 c5 2. Nf3 g6 3. d4 cxd4 4. Nxd4 Bg7 5. c4 Qb6 6. Nb3 Nc6 7. Be3 Qc7 8. Nc3 Bxc3+ 9. bxc3 Nf6 10. f3 d6 11. c5 d5 12. exd5 Qe5 13. Kf2 Nxd5 14. Bd4 Nxc3 15. Bxe5 Nxd1+ 16. Rxd1 Nxe5 17. Be2 0-0 18. Rhe1 g5 19. Bb5 f6 20. Na5 a6 21. Bf1 Be6 22. a4 Rfb8 23. Rb1 Bd5 24. Rb4 Rc8 25. Rd1 Rxc5 26. Nxb7 Rc2+ 27. Kg1 Bxf3 28. Bc4+ Rxc4 29. Rxc4 Bxd1 0-1

[Event "GRE-chT U16"]
[Site "Thessaloniki"]
[Date "2019.11.29"]
[Round "2.6"]
[White "Karouzou, Melina Andomachi"]
[Black "Karavitaki, Antonia"]
[Result "0-1"]
[WhiteElo "1003"]
[BlackElo "1461"]
[PlyCount "50"]
[EventDate "2019.11.28"]
[EventType "team-swiss"]
[EventRounds "6"]
[EventCountry "GRE"]
[SourceTitle "CBM 193 Extra"]
[Source "ChessBase"]
[SourceDate "2020.01.31"]
[SourceVersion "1"]
[SourceVersionDate "2020.01.31"]
[SourceQuality "1"]
[WhiteTeam "OFI"]
[BlackTeam "Chanion"]
[WhiteTeamCountry "GRE"]
[BlackTeamCountry "GRE"]

1. e4 c5 2. Nf3 g6 3. c3 d5 4. Ne5 Bg7 5. Qa4+ Nd7 6. Nxd7 Bxd7 7. Bb5 dxe4 8. Bxd7+ Qxd7 9. Qxe4 Nf6 10. Qe3 c4 11. 0-0 0-0 12. Na3 b5 13. Nc2 Nd5 14. Qe2 Nf4 15. Qe4 Nd3 16. Ne1 Nxc1 17. Rxc1 Qxd2 18. Qxe7 Qxc1 19. Nf3 Qxb2 20. Qh4 Qxc3 21. h3 Qf6 22. Qg3 c3 23. Re1 c2 24. Ng5 h6 25. Ne4 Qb2 0-1

[Event "EU-ch U12 Girls"]
[Site "Bratislava"]
[Date "2019.08.03"]
[Round "2"]
[White "Karavitaki, Antonia"]
[Black "Siekanska, Maria"]
[Result "0-1"]
[WhiteElo "1497"]
[BlackElo "1677"]
[PlyCount "68"]
[EventDate "2019.08.02"]
[EventType "swiss"]
[EventRounds "9"]
[EventCountry "SVK"]
[SourceTitle "EXT 2020"]
[Source "ChessBase"]
[SourceDate "2019.10.17"]
[SourceVersion "1"]
[SourceVersionDate "2019.10.17"]
[SourceQuality "1"]

1. d4 d5 2. c4 e6 3. Nc3 c5 4. cxd5 exd5 5. Nf3 Nc6 6. e3 Nf6 7. Be2 Bd6 8. Nb5 Be7 9. dxc5 Bxc5 10. Nbd4 0-0 11. 0-0 Ne4 12. a3 Bg4 13. Nxc6 bxc6 14. Ne5 Bxe2 15. Qxe2 Qc7 16. Nd3 Bd6 17. h3 c5 18. Rd1 Rad8 19. Bd2 Rfe8 20. Qg4 Re6 21. Rac1 Qb8 22. Rc2 Bh2+ 23. Kf1 c4 24. Ne1 Qb5 25. Qe2 Bg3 26. f3 Nd6 27. Kg1 d4 28. Rcc1 d3 29. Qf1 Nf5 30. e4 Nd4 31. Rb1 Ne2+ 32. Kh1 Qb8 33. a4 Bh4 34. f4 Ng3+ 0-1